000 00683nam a2200253Ia 4500
008 160803s9999 xx 000 0 und d
020 _a9780439241014
100 _aYolen, Jane
245 _aHow do dinosaur get well soon? /
245 _cJane Yolen ; illustrated by Mark Teague.
260 _aNew York :
260 _bScholastic Inc.
260 _c2003
300 _a1 volume (unpaged) :
300 _bcolor illustrations ;
300 _c31 cm
500 _aOriginally published: New York : Blue Sky Press, 2003.
650 _aDinosaurs --
650 _aSick --
650 _aStories in rhyme.
650 _xFiction.
650 _xFiction.
700 _a230
999 _c298951
_d298951